000 00577nam a2200169 a 4500
001 000031820
005 20250403120423.0
008 110706s2008 dr ac 000 0 spa d
040 _aDO-SdBNP
_bspa
_cBNPHU
082 _axxxx
_bD598i
110 1 _aRepública Dominicana.
_bDirección General de Aduanas.
_943102
245 1 0 _aInforme de gestión de la Dirección General de Aduanas 2004-2008 /
_ctexto Félix Fernández.
260 _aSanto Domingo :
_bDirección General de Aduana,
_c2008.
300 _a98 p. ;
_c28 cm.
700 1 _aFernández, Félix
_911384
049 _aBNPD
999 _c31312
_d31312